[Event "World op"]
[Site "Philadelphia"]
[Date "1995.??.??"]
[Round "4"]
[White "Shapiro, Daniel E"]
[Black "Burnett, Ronald"]
[Result "0-1"]
[WhiteElo "2270"]
[BlackElo "2370"]

1.d4 Nf6 2.c4 e6 3.Nf3 b6 4.a3 c6 5.Nc3 d5 6.Bg5 Be7 7.e3 h6 8.Bh4 O-O 9.Qc2 Bb7
10.Rd1 a5 11.Bxf6 Bxf6 12.e4 Ba6 13.e5 Be7 14.cxd5 Bxf1 15.Kxf1 cxd5 16.g3 Qd7
17.Qe2 Rc8 18.Ra1 Rc4 19.Nd1 Qa4 20.b3 Qxb3 21.Nd2 Qb5 22.Nxc4 dxc4 23.Kg2 Qd5+
24.Qf3 Qxf3+ 25.Kxf3 Nc6 26.Ne3 Nxd4+ 27.Kg2 Rc8 28.a4 c3 29.Ra2 Nc6 30.f4 Nb4
31.Re2 Bc5 32.Rc1 Bxe3 33.Rxe3 c2 34.Re2 Nd3  0-1

[Event "Polanica Zdroj op"]
[Site "Polanica Zdroj"]
[Date "1995.??.??"]
[Round "9"]
[White "Voloshin, Leonid"]
[Black "Radziewicz, Iweta"]
[Result "1-0"]
[WhiteElo "2435"]
[BlackElo "2180"]

1.d4 Nf6 2.c4 e6 3.Nf3 b6 4.a3 Bd6 5.Qc2 Bb7 6.Nc3 c5 7.dxc5 Bxc5 8.b4 Be7
9.e4 d6 10.Bb2 Nc6 11.Be2 O-O 12.O-O Rc8 13.Rfd1 Qc7 14.Rac1 Qb8 15.Bf1 Rfd8
16.h3 Ne5 17.Nxe5 dxe5 18.f3 Ba6 19.Rxd8+ Bxd8 20.Qb3 Nh5 21.g4 Bg5 22.gxh5 Bxc1
23.Bxc1 Qd6 24.Be3 Qd8 25.b5 Qh4 26.Qd1 Bb7 27.a4 h6 28.Qe2 Qxh5 29.a5 f5
30.axb6 axb6 31.Bxb6 Qg5+ 32.Kh1 Qc1 33.Qd3 Rf8 34.Kg1 Rf6 35.Bf2 Rg6+ 36.Kh2 Kh7
37.c5 fxe4 38.fxe4 Rf6 39.Kg1 Rg6+ 40.Bg3 h5 41.h4 Rf6 42.c6 Rxf1+ 43.Qxf1 Qxc3
44.Be1 Qd4+ 45.Bf2 Qxe4 46.cxb7 Qxb7 47.Qe2 Qd5 48.Qxh5+ Kg8 49.b6 Qe4 50.Qe8+ Kh7
51.Qf7 Qg4+ 52.Kh2 e4 53.b7 e3 54.b8=Q  1-0

[Event "Portoroz op"]
[Site "Portoroz"]
[Date "1995.??.??"]
[Round "?"]
[White "Cebalo, Miso"]
[Black "Gruskovnjak, Tomislav"]
[Result "1-0"]
[WhiteElo "2570"]
[BlackElo "2055"]

1.d4 Nf6 2.Nf3 e6 3.c4 b6 4.a3 Ba6 5.Qc2 Bb7 6.Nc3 c5 7.dxc5 Bxc5 8.Bf4 Nh5
9.Bg5 Be7 10.Bxe7 Qxe7 11.e3 O-O 12.Be2 f5 13.O-O Nf6 14.Rfd1 Ne4 15.Nd2 Nxc3
16.Qxc3 Na6 17.b4 Rac8 18.Rac1 f4 19.e4 e5 20.Qb3 Kh8 21.Qa4 Rf6 22.Nf3 Nb8
23.Qc2 Rg6 24.h3 d5 25.exd5 e4 26.Nh2 f3 27.Bf1 fxg2 28.Bxg2 e3 29.Ng4 exf2+
30.Qxf2 h5 31.Re1 Qg5 32.Ne5 Qxg2+ 33.Qxg2 Rxg2+ 34.Kxg2 b5 35.Kg3 Kh7 36.d6 bxc4
37.Rxc4 Rd8 38.Rc7 Bd5 39.d7 Be6 40.Nc6 Nxc6 41.Rxe6  1-0

[Event "Ptuj"]
[Site "Ptuj"]
[Date "1995.??.??"]
[Round "2"]
[White "Cebalo, Miso"]
[Black "Blatny, Frantisek"]
[Result "1-0"]
[WhiteElo "2570"]
[BlackElo "2355"]

1.d4 Nf6 2.Nf3 e6 3.c4 b6 4.a3 Bb7 5.Nc3 d5 6.Bg5 Be7 7.Qa4+ c6 8.Bxf6 Bxf6
9.cxd5 exd5 10.g3 O-O 11.Bg2 Re8 12.O-O a5 13.Rad1 b5 14.Qc2 b4 15.Na4 Nd7
16.Rfe1 Qe7 17.Bh3 Nf8 18.Nc5 Bc8 19.Bxc8 Rexc8 20.e4 Qd6 21.axb4 axb4 22.Qb3 Rab8
23.Re2 g6 24.h4 Bg7 25.e5 Qe7 26.Ra1 Ne6 27.Rc2 Nxc5 28.Rxc5 f6 29.Ra6 fxe5
30.Raxc6 Rxc6 31.Rxc6 exd4 32.Qxd5+ Qf7 33.Qe4 Re8 34.Qd3 Qd5 35.Rc1 Rf8
36.Ne1 Kh8 37.Qe2 Qb3 38.Nd3 Bh6 39.Rc7 Bg7 40.Qe7 Qd1+ 41.Kh2  1-0

[Event "CRO-Cup"]
[Site "Pula"]
[Date "1995.??.??"]
[Round "4"]
[White "Bilobrk, Franjo"]
[Black "Jukic, Mirko"]
[Result "1/2-1/2"]
[WhiteElo "2315"]
[BlackElo "2480"]

1.d4 Nf6 2.c4 e6 3.Nf3 b6 4.a3 Bb7 5.Nc3 d5 6.Qc2 Be7 7.cxd5 exd5 8.g3 O-O
9.Bg2 c5 10.O-O Na6 11.Rd1 Nc7 12.Bf4 Ne6 13.Be5 cxd4 14.Nxd4 Ng4  1/2-1/2

[Event "Reykjavik Olafsson"]
[Site "Reykjavik"]
[Date "1995.??.??"]
[Round "3"]
[White "Olafsson, Helgi"]
[Black "Arnason, Jon L"]
[Result "0-1"]
[WhiteElo "2470"]
[BlackElo "2545"]

1.d4 Nf6 2.c4 e6 3.Nf3 b6 4.a3 Bb7 5.Nc3 d5 6.Qc2 a6 7.cxd5 exd5 8.Bg5 Be7
9.e3 Nbd7 10.Be2 O-O 11.O-O Re8 12.b4 Bd6 13.Rfe1 Qe7 14.Bd3 Qf8 15.Nd2 c5
16.bxc5 bxc5 17.dxc5 Bxc5 18.Nb3 Bxa3 19.Na5 Rec8 20.Bf5 Rc7 21.Nxb7 Bb4
22.Bf4 Rxc3 23.Qb2 Rc6 24.Rec1 Rac8 25.Rxc6 Rxc6 26.Qb3 Qc8 27.e4 Qxb7 28.e5 Nc5
29.Qh3 g6 30.exf6 Rxf6 31.Bc8 Qe7 32.Bg5 Ne4 33.Bxf6 Qxf6 34.Rf1 Bc5 35.Qf3 Qc6
36.Qg4 Nxf2 37.Rxf2 Be3 38.h4 Qc1+ 39.Kh2 Bxf2  0-1

[Event "Reykjavik Olafsson"]
[Site "Reykjavik"]
[Date "1995.??.??"]
[Round "4"]
[White "Olafsson, Helgi"]
[Black "Hjartarson, Johann"]
[Result "1/2-1/2"]
[WhiteElo "2470"]
[BlackElo "2570"]

1.d4 Nf6 2.c4 e6 3.Nf3 b6 4.a3 Ba6 5.Qc2 Bb7 6.Nc3 c5 7.e4 cxd4 8.Nxd4 Nc6
9.Nxc6 Bxc6 10.Bf4 Bc5 11.Be2 O-O 12.Rd1 a5 13.Bg3 Qc8 14.e5 Ne8 15.Ne4 Be7
16.O-O Qb7 17.f3 a4 18.Rd2 f5 19.exf6 gxf6 20.Rfd1 Rf7 21.Nf2 Bc5 22.Kh1 Ng7
23.Ne4 Nf5 24.Bf4 Be3 25.Bxe3 Nxe3 26.Qc3 Nxd1 27.Nxf6+ Kg7 28.Nh5+ Kf8 29.Bxd1 Ra5
30.Nf6 Qc7 31.Ng4 Qf4 32.Qh8+ Ke7 33.Rd4 Ra8 34.Qe5 Qxe5 35.Nxe5 Rf5 36.Nd3 d6
37.Kg1 Be8 38.f4 h5 39.Kf2 Rc8 40.Ke3 Ra5 41.g3 Bg6 42.Nb4 Rac5 43.Be2 Bf7
44.Rd2 Be8 45.Rd1 Ra8 46.h3 b5 47.Bf3 Rac8 48.cxb5 Bxb5 49.Rd2 Be8 50.Bd1 Ra5
51.Bc2 Bd7 52.g4 hxg4 53.hxg4 Rh8 54.f5 exf5 55.Bxf5 Re5+ 56.Kf4 Rh1 57.Nd5+ Kd8
58.Ne3 Ke7 59.Nd5+ Kd8 60.Ne3 Ke7  1/2-1/2

[Event "ROM-chT"]
[Site "ROM"]
[Date "1995.??.??"]
[Round "?"]
[White "Ionescu, Constantin"]
[Black "Cosma, Ioan"]
[Result "1-0"]
[WhiteElo "2535"]
[BlackElo "2440"]

1.d4 Nf6 2.c4 e6 3.Nf3 b6 4.a3 Bb7 5.Nc3 d5 6.cxd5 Nxd5 7.Qc2 Be7 8.Nxd5 Bxd5
9.e4 Bb7 10.Bb5+ c6 11.Bd3 Nd7 12.O-O O-O 13.e5 h6 14.Bh7+ Kh8 15.Be4 Qb8
16.b4 Rc8 17.Rb1 a5 18.Be3 axb4 19.axb4 Ba6 20.Rfc1 Bb5 21.Qd2 Bf8 22.Rb2 Ra3
23.h4 f5 24.exf6 Nxf6 25.Bb1 Ng4 26.Rc3 Ra1 27.Qc2 Nf6 28.Ne5 Bd6 29.Nf7+ Kg8
30.Qg6 Bh2+ 31.Kh1 Bf4 32.Nxh6+ Bxh6 33.Bxh6 Rc7 34.Bf4 Qd8 35.Bxc7 Qxd4
36.Rg3  1-0

[Event "Sala op"]
[Site "Sala"]
[Date "1995.??.??"]
[Round "4"]
[White "Hanko, Pavel"]
[Black "Brestak, Jan"]
[Result "1-0"]
[WhiteElo "2225"]
[BlackElo "2225"]

1.d4 Nf6 2.Nf3 b6 3.c4 e6 4.a3 c5 5.d5 exd5 6.cxd5 g6 7.Nc3 Bg7 8.e4 O-O
9.Be2 Re8 10.e5 Ng4 11.Bg5 f6 12.exf6 Bxf6 13.Bxf6 Qxf6 14.O-O d6 15.Bb5 Nd7
16.Qa4 Qf5 17.Rae1 Rxe1 18.Rxe1 Nde5 19.Qe4 Nxf3+ 20.Qxf3 Qxf3 21.gxf3 Ne5
22.Kg2 Bf5 23.f4 Nf7 24.Bc6 Rb8 25.Re7 a6 26.Ra7 Bd3 27.f3 b5 28.Ne4 b4 29.Nf6+ Kg7
30.Be8 Rxe8 31.Nxe8+ Kf8 32.Nc7 bxa3 33.bxa3 Nh6 34.Nxa6 Nf5 35.Kf2 h5 36.a4 Ke8
37.a5 Kd8 38.Nb8 Bc4 39.Nc6+ Kc8 40.a6 Bxd5 41.Ne7+ Kb8 42.Rd7 Nxe7 43.Rxe7 Bc4
44.Rd7 d5 45.a7+ Ka8 46.Rc7 h4 47.Rxc5 Kxa7 48.Rc6 Bd3 49.Rd6 Kb7 50.Rxd5 Bf5
51.Rxf5 gxf5 52.Kg2  1-0

[Event "BRA-chT"]
[Site "San Jose do Rio Preto"]
[Date "1995.??.??"]
[Round "7"]
[White "Loureiro, Luiz"]
[Black "Sunye Neto, Jaime"]
[Result "1/2-1/2"]
[WhiteElo "2375"]
[BlackElo "2510"]

1.d4 Nf6 2.c4 e6 3.Nf3 b6 4.a3 Be7 5.Nc3 d5 6.g3 Bb7 7.cxd5 Nxd5 8.Bg2 Nxc3
9.bxc3 c5 10.O-O O-O 11.Qc2 cxd4 12.cxd4 Nc6 13.Qd3 Rc8 14.Rd1 Na5 15.e4 Qe8
16.Bg5 Bxg5 17.Nxg5 Qe7 18.h4 h6 19.Nh3 Rfd8 20.Nf4 Nc4 21.Ra2 b5 22.Qb3 a6
23.d5 exd5 24.exd5 Qd6 25.Raa1 Nb6 26.Ne6 fxe6 27.dxe6 Nd5 28.e7 Qxe7 29.Bxd5+ Rxd5
30.Rxd5 Bxd5 31.Qxd5+ Kh8 32.Kg2  1/2-1/2

[Event "Schmiden op"]
[Site "Schmiden"]
[Date "1995.??.??"]
[Round "7"]
[White "Maksimenko, Andrei"]
[Black "Jurek, Josef"]
[Result "1-0"]
[WhiteElo "2525"]
[BlackElo "2355"]

1.d4 Nf6 2.c4 e6 3.Nf3 b6 4.a3 Bb7 5.Nc3 d5 6.Qc2 Be7 7.cxd5 exd5 8.g3 O-O
9.Bg2 c5 10.O-O Na6 11.Bf4 Qc8 12.Be5 Ne4 13.Rac1 Qe6 14.h4 h6 15.dxc5 bxc5
16.Qb3 Nxc3 17.Rxc3 Bc6 18.Re3 Qd7 19.Bxg7 Rab8 20.Qd1 Kxg7 21.Ne5 Qd6 22.Nxc6 Qxc6
23.Rxe7 Nc7 24.e4  1-0

[Event "Asia-chT"]
[Site "Singapore"]
[Date "1995.??.??"]
[Round "2"]
[White "Tan Chun Malcolm"]
[Black "Cao Sang"]
[Result "0-1"]
[WhiteElo "2260"]
[BlackElo "2420"]

1.d4 Nf6 2.Nf3 e6 3.c4 b6 4.a3 Ba6 5.Qc2 Bb7 6.Nc3 c5 7.dxc5 bxc5 8.Bg5 Nc6
9.e3 Be7 10.Bd3 h6 11.Bh4 d6 12.O-O Nh5 13.Bxe7 Qxe7 14.Rab1 a5 15.Rfd1 O-O
16.Rd2 Rad8 17.Rbd1 f5 18.Nb5 Nf6 19.Nc3 g5 20.h3 Ne8 21.Be2 h5 22.g4 hxg4
23.hxg4 Ng7 24.gxf5 g4 25.f6 Rxf6 26.Ng5 Rh6 27.Nce4 Ne5 28.f4 gxf3 29.Bd3 Bxe4
30.Nxe4 Qh4 31.Nf2 Qg3+ 32.Kf1 Ng4  0-1

[Event "SLO-chT"]
[Site "?"]
[Date "1995.??.??"]
[Round "4"]
[White "Kozul, Zdenko"]
[Black "Farago, Ivan"]
[Result "1/2-1/2"]
[WhiteElo "2580"]
[BlackElo "2520"]

1.d4 Nf6 2.c4 e6 3.Nf3 b6 4.a3 Ba6 5.e3 d5 6.b3 Bb7 7.Bb2 Bd6 8.Bd3 O-O 9.O-O Nbd7
10.Nbd2 Ne4 11.b4 c5 12.cxd5 exd5 13.dxc5 Nxd2 14.Qxd2 bxc5 15.bxc5 Nxc5
16.Rab1 d4 17.Nxd4 Nxd3 18.Qxd3 Bxh2+ 19.Kxh2 Qh4+ 20.Kg1 Bxg2  1/2-1/2

[Event "St Affrique op"]
[Site "St Affrique"]
[Date "1995.??.??"]
[Round "7"]
[White "Cebalo, Miso"]
[Black "Ikonnikov, Vyacheslav"]
[Result "1-0"]
[WhiteElo "2515"]
[BlackElo "2540"]

1.d4 Nf6 2.Nf3 e6 3.c4 b6 4.a3 Ba6 5.e3 d5 6.b3 Be7 7.Bd3 O-O 8.O-O c5 9.Bb2 Nc6
10.Qe2 Rc8 11.Nbd2 cxd4 12.exd4 Nh5 13.g3 g6 14.Rfd1 Bf6 15.Rac1 dxc4 16.Bxc4 b5
17.Bxb5 Bxb5 18.Qxb5 Nxd4 19.Bxd4 Rxc1 20.Rxc1 Bxd4 21.Kg2 Nf6 22.Nc4 Ne4
23.Rc2 Bf6 24.Nce5 Qd1 25.Rc7 a6 26.Qc4 Bxe5 27.Nxe5 Qd6 28.Nxf7 Rxf7 29.Rc8+ Rf8
30.Rxf8+ Kxf8 31.Qxe4 Qxa3 32.Qxe6 Qc5 33.h4 a5 34.g4 Kg7 35.g5 Qb4 36.Kg3 Qc3+
37.f3 Qc7+ 38.Kg4 Qh2 39.Qe1 Qg2+ 40.Qg3 Qb2 41.Qc7+ Kg8 42.Qd8+ Kf7 43.Qd5+ Ke7
44.Kf4 Qc1+ 45.Ke4 Qe1+ 46.Kd3 Qf1+ 47.Kd4 a4 48.bxa4  1-0

[Event "St Ingbert op"]
[Site "St Ingbert op"]
[Date "1995.??.??"]
[Round "8"]
[White "Cvitan, Ognjen"]
[Black "Csom, Istvan"]
[Result "1-0"]
[WhiteElo "2510"]
[BlackElo "2455"]

1.d4 Nf6 2.c4 e6 3.Nf3 b6 4.a3 c5 5.d5 Ba6 6.Qc2 Qe7 7.Bg5 h6 8.Bxf6 Qxf6
9.Nc3 Be7 10.e3 Bd8 11.Bd3 e5 12.h4 d6 13.h5 Qe7 14.Nh4 Qc7 15.Nf5 Kf8 16.O-O Be7
17.Qe2 Bc8 18.Qg4 Rg8 19.Qf3 a6 20.Ng3 Nd7 21.Bh7 Rh8 22.Bf5 Rb8 23.Qe2 Bh4
24.Nge4 Be7 25.Rab1 Bf6 26.Rfc1 Ke7 27.Ng3 Bh4 28.Nge4 Bf6 29.Bh3 Rd8 30.Ng3 g6
31.Rf1 Bg7 32.f4 exf4 33.exf4+ Kf8 34.hxg6 Re8 35.Qc2 Bd4+ 36.Kh1 Nf6 37.Bxc8 Rbxc8
38.Rbe1 Qd7 39.Qf5 Qxf5 40.g7+  1-0

[Event "SVK-chT"]
[Site "?"]
[Date "1995.??.??"]
[Round "?"]
[White "Likavsky, Tomas"]
[Black "Mrva, Vladimir"]
[Result "1-0"]
[WhiteElo "2250"]
[BlackElo "2305"]

1.d4 Nf6 2.c4 e6 3.Nf3 b6 4.a3 Bb7 5.Nc3 Be7 6.d5 d6 7.e4 e5 8.Bd3 a5 9.Bd2 Na6
10.Bc2 O-O 11.O-O c5 12.Ne1 Bc8 13.Nd3 Nd7 14.g3 Bf6 15.Nb5 Qe7 16.Qe2 Bb7
17.Rae1 Rfc8 18.Ba4 Nc7 19.Nc3 Ba6 20.b3 Rab8 21.Bc6 Bb7 22.Bxb7 Rxb7 23.Nb2 Rcb8
24.Nb5 Nf8 25.h4 Re8 26.Kg2 g6 27.h5 Nxb5 28.cxb5 Bg5 29.Bxg5 Qxg5 30.Nc4 gxh5
31.Nxd6 Rbb8 32.Nxe8 Rxe8 33.Qe3 Qg4 34.f3 Qg7 35.Rh1 Ng6 36.Kf2 h4 37.gxh4 Kh8
38.Reg1 Qf8 39.Qg5 f6 40.Qf5 Nf4 41.Rg4 Qd6 42.Kg3 h5 43.Rxf4 exf4+ 44.Kh3 Re7
45.Qxh5+ Kg8 46.Rg1+ Rg7 47.Qe8+ Kh7 48.Rxg7+ Kxg7 49.Qe6 Qxe6+ 50.dxe6 a4
51.bxa4 c4 52.a5 c3 53.e7 Kf7 54.axb6 c2 55.e8=Q+ Kxe8 56.b7 c1=Q 57.b8=Q+ Kf7
58.Kg4 Qg1+ 59.Kf5 Qc5+ 60.Kxf4 Qc1+ 61.Kg4 Qg1+ 62.Qg3 Qb6 63.a4 Ke7 64.Kh3 Qe6+
65.Qg4 Qe5 66.b6 Qa1 67.Qg7+ Ke6 68.Qg4+ Ke7 69.Qf5 Qh1+ 70.Kg4 Qg1+ 71.Kf4 Qxb6
72.a5 Qd6+ 73.Kg4 Qd1 74.a6 Qg1+ 75.Kh5 Qb6 76.a7 Qd8 77.Qc5+ Ke8 78.Qc6+ Ke7
79.Qd5  1-0

[Event "SWZ-ch"]
[Site "SWZ"]
[Date "1995.??.??"]
[Round "3"]
[White "Pelletier, Yannick"]
[Black "Huss, Andreas"]
[Result "1-0"]
[WhiteElo "2460"]
[BlackElo "2405"]

1.d4 Nf6 2.c4 e6 3.Nf3 b6 4.a3 Bb7 5.Nc3 d5 6.Qa4+ c6 7.cxd5 exd5 8.Bg5 Be7
9.e3 O-O 10.Rd1 Nbd7 11.Bd3 h6 12.Bf4 c5 13.Ne5 cxd4 14.exd4 Re8 15.O-O a6
16.Rfe1 b5 17.Qb3 Nb6 18.Bb1 Bf8 19.Re3 g5 20.Bg3 Bg7 21.Qc2 Nc4 22.Rf3 Re6
23.h4 Nd6 24.hxg5 hxg5 25.Nd3 Nfe4 26.Nc5 Rh6 27.N3xe4 dxe4 28.Nxb7 Nxb7
29.Qxe4 Nc5 30.Qf5 Bxd4 31.Qxf7+ Kh8 32.Bc7 Qe8 33.Qd5 Ne6 34.Be5+ Bxe5 35.Qxe5+ Ng7
36.Qxg5 Rh5 37.Qf6 Qb8 38.g3  1-0

[Event "SWZ-chT"]
[Site "SWZ"]
[Date "1995.??.??"]
[Round "7"]
[White "Cvitan, Ognjen"]
[Black "Kortschnoj, Viktor"]
[Result "1/2-1/2"]
[WhiteElo "2510"]
[BlackElo "2635"]

1.d4 Nf6 2.Nf3 e6 3.c4 b6 4.a3 Bb7 5.Nc3 g6 6.Qd3 d5 7.cxd5 exd5 8.g3 Bg7
9.Bg2 O-O 10.O-O Ne4 11.Qc2 Nd7 12.Rd1 c5 13.Be3 Rc8 14.Rac1 cxd4 15.Bxd4 Bxd4
16.Nxd4 Nxc3 17.bxc3 Qe7 18.Qa4 a6 19.Qb4 Qxb4 20.cxb4 Ne5 21.b5 axb5 22.Nxb5 Rxc1
23.Rxc1 Rd8 24.h3 Kf8 25.f4 Nd7 26.Rd1 Nc5 27.Nc7 Na4 28.Nxd5 Bxd5 29.Rxd5 Rxd5
30.Bxd5 Nc3 31.Bc4 Nb1 32.Bd3 Nxa3 33.Kf2 Ke7 34.Ke3 Kd6 35.Kd4 b5 36.g4 f6
37.h4 b4 38.e4 h6 39.e5+ fxe5+ 40.fxe5+  1/2-1/2

[Event "SWZ-chT"]
[Site "SWZ"]
[Date "1995.??.??"]
[Round "7"]
[White "Begovac, Franja"]
[Black "Siegel, Georg"]
[Result "1/2-1/2"]
[WhiteElo "2435"]
[BlackElo "2480"]

1.d4 Nf6 2.c4 e6 3.Nf3 b6 4.a3 Ba6 5.Qc2 Bb7 6.Nc3 c5 7.e4 cxd4 8.Nxd4 Nc6
9.Nxc6 Bxc6 10.Bf4 Nh5 11.Be3 Qb8 12.O-O-O Bc5 13.Bxc5 bxc5 14.g3 O-O 15.Bd3 Nf6
16.f4 d6 17.Qe2 Qc7 18.Rhe1 Rab8 19.Rd2 Rb3 20.Qd1 Rb6 21.Bc2 Rfb8 22.Ba4 a6
23.e5 Ne8 24.Re3 g6  1/2-1/2

[Event "Tastrup"]
[Site "Tastrup"]
[Date "1995.??.??"]
[Round "3"]
[White "Jakobsen, Peter"]
[Black "Brinck Claussen, Bjorn"]
[Result "1/2-1/2"]
[WhiteElo "2250"]
[BlackElo "2370"]

1.Nf3 Nf6 2.c4 b6 3.d4 e6 4.a3 Bb7 5.Nc3 d5 6.cxd5 Nxd5 7.Qc2 Nxc3 8.Qxc3 Nd7
9.Bg5 Be7 10.Bxe7 Kxe7 11.g3 Nf6 12.Bg2 Qd6 13.O-O Rac8 14.b4 Rhd8 15.e3 c5
16.bxc5 bxc5 17.dxc5 Rxc5 18.Qb4 Be4 19.Rad1 Rd5 20.Nd4 Qxb4 21.axb4 Bxg2
22.Kxg2 R8d6 23.Ra1 a6 24.Rfc1 Rb6  1/2-1/2

[Event "Ter Apel"]
[Site "Ter Apel"]
[Date "1995.??.??"]
[Round "5"]
[White "Van Wely, Loek"]
[Black "Epishin, Vladimir"]
[Result "1/2-1/2"]
[WhiteElo "2575"]
[BlackElo "2635"]

1.d4 Nf6 2.c4 e6 3.Nf3 b6 4.a3 Bb7 5.Nc3 d5 6.Bg5 Be7 7.Qa4+ Qd7 8.Qxd7+ Nbxd7
9.Nb5 Kd8 10.cxd5 exd5 11.Bf4 c6 12.Nd6 Bxd6 13.Bxd6 Ne4 14.Bf4 Re8 15.e3 f6
16.h4 a5 17.Rc1 Nf8 18.Nd2 Nxd2 19.Kxd2 Ne6 20.Bh2 Ke7 21.Bd3 h6 22.Bf5 a4
23.Rc3 Ra5 24.Rhc1 Rc8 25.f3 Rb5 26.R1c2 c5 27.Kc1 h5 28.Bg1 Kf7 29.e4 Re8
30.dxc5 bxc5 31.exd5 Bxd5 32.Rd2 c4 33.Bc2 Ra8 34.Rxd5 Rxd5 35.Be4 Nf4 36.Bxd5+ Nxd5
37.Rxc4 g5 38.hxg5 fxg5 39.Kd2 Ke6 40.Bh2 Kf5 41.Rc5 Ke6 42.Rc4 Kf5 43.g4+ hxg4
44.fxg4+ Ke6 45.Re4+ Kd7 46.Be5 Re8 47.Kd3 Re6 48.Rxa4 Rxe5 49.Kd4 Nb6 50.Kxe5 Nxa4
51.b4 Nc3 52.Kf5 Kc6 53.Kxg5 Nb5 54.a4 Nc3 55.b5+ Kc7 56.Kf6 Nxa4 57.g5 Nb6
58.Ke6 Nd7 59.b6+ Kc6 60.b7 Nc5+ 61.Ke5 Nxb7 62.g6 Nd6 63.g7 Nf7+ 64.Kf6 Nh6  1/2-1/2

[Event "The Hague m rapid"]
[Site "The Hague"]
[Date "1995.??.??"]
[Round "1"]
[White "Piket, Jeroen"]
[Black "Timman, Jan H"]
[Result "1/2-1/2"]
[WhiteElo "2670"]
[BlackElo "2635"]

1.d4 Nf6 2.c4 e6 3.Nf3 b6 4.a3 Ba6 5.Qc2 Bb7 6.Nc3 c5 7.e4 cxd4 8.Nxd4 Nc6
9.Nxc6 Bxc6 10.Bf4 Bc5 11.Be2 O-O 12.O-O-O Ne8 13.Bg3 f5 14.exf5 exf5 15.f3 Qg5+
16.Kb1 f4 17.Bd3 fxg3 18.Bxh7+ Kf7 19.f4 Qf6 20.hxg3 Nd6 21.g4 Ke7 22.b4 Qxf4
23.bxc5 Nxc4 24.Ka2 Ne3 25.Qe2 Qc4+ 26.Qxc4 Nxc4 27.Rhe1+ Kd8 28.Bf5 bxc5
29.Ne4 Kc7 30.Nxc5 Rae8 31.Rc1 Rxe1 32.Rxe1 Nd6 33.Bd3 Rf2+ 34.Kb3 Rxg2 35.Re7 Rxg4
36.Ne6+ Kb6 37.Nf8 Rg3 38.Kc2 Nc8 39.Rf7 d5 40.Ne6 g5 41.Rf6 Nd6 42.Nd4 Ba4+
43.Kc3 Kc7 44.Ne6+ Kb6 45.Kd4 Bb5 46.Bg6 Ne4 47.Bxe4 dxe4 48.Nxg5+ Ka5 49.Nxe4 Rxa3
50.Rf5 Kb4 51.Rf2 Rd3+ 52.Ke5 a5 53.Rb2+ Rb3 54.Rxb3+ Kxb3 55.Nc5+ Kb4 56.Kd4 Bc4
57.Ne4 a4 58.Nd2 Bb3 59.Nb1 Bc2 60.Nc3 a3 61.Na2+ Kb3 62.Nc3 Bg6 63.Ne2 Kb2
64.Nc3 Be8 65.Kc4 Bb5+ 66.Kb4 Be2 67.Na4+ Ka2 68.Nc3+  1/2-1/2

[Event "Timisoara op"]
[Site "Timisoara"]
[Date "1995.??.??"]
[Round "7"]
[White "Tugui, Adrian"]
[Black "Sarkadi, Laszlo"]
[Result "1/2-1/2"]
[WhiteElo "2190"]
[BlackElo "2010"]

1.d4 Nf6 2.c4 e6 3.Nf3 b6 4.a3 Bb7 5.Nc3 g6 6.Qc2 Bg7 7.e4 O-O 8.Be2 d6 9.O-O Nbd7
10.Rd1 Re8 11.e5 Ng4 12.Bf4 dxe5 13.dxe5 Qc8 14.Rxd7 Qxd7 15.h3 Nh6 16.Ne4 Bxe4
17.Qxe4 Nf5 18.g4 Ne7 19.Bg5 h6 20.Bd2 Qc6 21.Qe3 Rad8 22.Bc3 Qc5 23.Qxc5 bxc5
24.Bd1 Rd3 25.Kg2 g5 26.Bc2 Rd7 27.Ba4 c6 28.Re1 Rc8 29.Bc2 Rcd8 30.Re2 Bf8  1/2-1/2

[Event "Trelew Clarin-GP"]
[Site "Trelew"]
[Date "1995.??.??"]
[Round "2"]
[White "Tempone, Marcelo"]
[Black "Ricardi, Pablo"]
[Result "1/2-1/2"]
[WhiteElo "2435"]
[BlackElo "2545"]

1.Nf3 Nf6 2.c4 e6 3.d4 b6 4.a3 Ba6 5.e3 d5 6.b3 c5 7.Bb2 Be7 8.Nbd2 O-O 9.Bd3 cxd4
10.exd4 Nc6 11.Qe2 Nh5 12.g3 Rc8 13.O-O g6 14.Rfd1 Bf6 15.Qe3 Bg7 16.Ne5  1/2-1/2

[Event "SVK-ch"]
[Site "Trencin"]
[Date "1995.??.??"]
[Round "9"]
[White "Debnar, Lubos"]
[Black "Priehoda, Vitezslav"]
[Result "0-1"]
[WhiteElo "2250"]
[BlackElo "2365"]

1.d4 Nf6 2.c4 e6 3.Nf3 b6 4.a3 Ba6 5.Qc2 Bb7 6.Nc3 c5 7.dxc5 Bxc5 8.Bg5 Be7
9.e4 d6 10.Be2 O-O 11.Rd1 Nbd7 12.O-O Qc7 13.Nd4 a6 14.f4 Rfe8 15.f5 e5 16.Nf3 b5
17.Nd2 Ng4 18.Bxg4 Bxg5 19.cxb5 axb5 20.Kh1 Qb6 21.Be2 Rec8 22.Qd3 Ra5 23.Nf3 Be7
24.Rc1 Rd8 25.Nd5 Bxd5 26.exd5 Nc5 27.Qc3 Ra7 28.h3 Rb8 29.b4 Ne4 30.Qb2 Ng3+
31.Kh2 Nxf1+ 32.Bxf1 e4 33.Rc6 Qe3 34.Nd4 Qf4+ 35.Kg1 Bf6 36.Qc3 Bxd4+ 37.Qxd4 Rxa3
38.Bxb5 h5 39.Bf1 Rba8 40.Qd1 e3 41.b5 Qf2+  0-1

[Event "Tula"]
[Site "Tula"]
[Date "1995.??.??"]
[Round "?"]
[White "Rustemov, Alexander"]
[Black "Newerovski, Gennadi"]
[Result "1-0"]
[WhiteElo "2450"]
[BlackElo "2380"]

1.d4 Nf6 2.Nf3 e6 3.c4 b6 4.a3 Ba6 5.Qc2 Bb7 6.Nc3 c5 7.dxc5 Bxc5 8.Bg5 Be7
9.Rd1 O-O 10.e4 Na6 11.Be2 Nc5 12.Bxf6 Bxf6 13.e5 Be7 14.b4 Na6 15.h4 f5
16.exf6 gxf6 17.g4 Nc7 18.g5 Rf7 19.gxf6 Bxf6 20.Ne4 Bxe4 21.Qxe4 d5 22.Qe3 Rg7
23.h5 Qe7 24.Nd4 Rf8 25.Rh3 Bg5 26.Qb3 e5 27.cxd5 exd4 28.d6+ Qe6 29.dxc7 Qxb3
30.Rxb3 Rxc7 31.Rxd4 Rc1+ 32.Bd1 Re8+ 33.Kf1 Rd8 34.Rxd8+ Bxd8 35.Rd3 Bf6
36.Rd7 Ra1 37.a4 a5 38.b5 Be7 39.Kg2 Bc5 40.Bb3+ Kf8 41.Rxh7 Ra3 42.Rf7+ Kg8
43.Rf3+ Kg7 44.Kg3 Ra1 45.Rf7+ Kh6 46.Bc2 Kxh5 47.Kf4  1-0

[Event "LTU-ch"]
[Site "Vilnius"]
[Date "1995.??.??"]
[Round "2"]
[White "Grabliauskas, Virginijus"]
[Black "Samulevicius, Tomas"]
[Result "1-0"]
[WhiteElo "2410"]
[BlackElo "2110"]

1.d4 Nf6 2.c4 e6 3.Nf3 b6 4.a3 Ba6 5.Qc2 Bb7 6.Nc3 c5 7.e4 cxd4 8.Nxd4 d6
9.Be2 Be7 10.O-O a6 11.Bg5 Qc7 12.Rad1 Nc6 13.Bxf6 gxf6 14.Nd5 Qd8 15.Nxe7 Kxe7
16.b4 Nxd4 17.Rxd4 Qc7 18.Rfd1 Rhd8 19.Bh5 Rac8 20.Qb3 Qc6 21.h3 b5 22.Be2 Qb6
23.cxb5 axb5 24.Bh5 Qc6 25.Qe3 Qe8 26.Bf3 e5 27.R4d3 Rc4 28.Qb6 Bc6 29.Bg4 Kf8
30.Rxd6 Rxd6 31.Rxd6 Kg7 32.Rd8 Qe7 33.Qb8 Rxe4 34.Rh8 Re1+ 35.Kh2 Be4 36.Re8 Qb7
37.Rg8+  1-0

[Event "LTU-ch"]
[Site "Vilnius"]
[Date "1995.??.??"]
[Round "3"]
[White "Zukauskas, Kestutis"]
[Black "Butnorius, Algimantas"]
[Result "1/2-1/2"]
[WhiteElo "2290"]
[BlackElo "2440"]

1.d4 Nf6 2.c4 e6 3.Nf3 b6 4.a3 Bb7 5.Nc3 d5 6.Bg5 Be7 7.Qa4+ c6 8.Bxf6 Bxf6
9.cxd5 exd5 10.g3 O-O 11.Bg2 Nd7 12.O-O Re8 13.Rfd1 Be7 14.Rac1 Bd6 15.e3 Nf6
16.b4 Qe7 17.Qb3 Rad8 18.Na4 Ne4 19.Nd2 f5 20.Nb2 g5 21.Nd3 Kh8 22.Nf3 Rc8
23.Qb2 Ba6 24.Nfe5 Bxd3 25.Nxd3 Qg7 26.f4 gxf4  1/2-1/2

[Event "Vladivostok op"]
[Site "Vladivostok"]
[Date "1995.??.??"]
[Round "4"]
[White "Savon, Vladimir A"]
[Black "Nikolenko, Oleg"]
[Result "1/2-1/2"]
[WhiteElo "2390"]
[BlackElo "2480"]

1.d4 Nf6 2.Nf3 e6 3.c4 b6 4.a3 Ba6 5.e3 c5 6.Nc3 Be7 7.Be2 O-O 8.d5 exd5
9.cxd5 d6 10.O-O Bxe2 11.Qxe2 Nbd7 12.e4 a6 13.a4 Ne8 14.Be3 Bf6 15.Nd2 Qe7
16.f4 Bxc3 17.bxc3 Nef6 18.f5 Rfe8 19.Bg5 Qe5 20.Qc4 h6 21.Bf4 Qe7 22.Rae1 Nh5
23.g3  1/2-1/2

[Event "POL-ch (Women)"]
[Site "Warsaw"]
[Date "1995.??.??"]
[Round "9"]
[White "Zielinska, Marta"]
[Black "Henc, Renata"]
[Result "1/2-1/2"]
[WhiteElo "2220"]
[BlackElo "2160"]

1.d4 Nf6 2.Nf3 e6 3.c4 b6 4.a3 Bb7 5.Nc3 Ne4 6.Nxe4 Bxe4 7.g3 c5 8.Bg2 Nc6
9.dxc5 Bxc5 10.O-O O-O 11.b4 Be7 12.Bb2 Bf6 13.Bxf6 Qxf6 14.Qb3 d5 15.Rac1 Rad8
16.cxd5 Bxd5 17.Qc3 Qxc3 18.Rxc3 Bxf3 19.Bxf3 Nd4 20.Rc7 Nb5 21.Re7 a5 22.a4 Nc3
23.bxa5 bxa5 24.Ra7 Nxa4 25.Rxa5 Nc3 26.Rc1 Rc8 27.Kg2 g6 28.h4 h5 29.Ra3 Nb5
30.Rxc8 Rxc8 31.Ra8  1/2-1/2

[Event "POL-ch (Women)"]
[Site "Warsaw"]
[Date "1995.??.??"]
[Round "11"]
[White "Bobrowska, Monika"]
[Black "Dabrowska, Krystyna"]
[Result "0-1"]
[WhiteElo "2310"]
[BlackElo "2305"]

1.d4 Nf6 2.c4 e6 3.Nf3 b6 4.a3 Bb7 5.Nc3 d5 6.Qc2 Be7 7.cxd5 Nxd5 8.Bd2 Nd7
9.e4 Nxc3 10.Bxc3 O-O 11.Rd1 c6 12.Bd3 h6 13.e5 Qc7 14.O-O Rfd8 15.Qe2 Rac8
16.Qe4 Nf8 17.Qg4 c5 18.dxc5 Bxc5 19.Nd4 a6 20.Rfe1 b5 21.h4 Rd7 22.Nb3 Bb6
23.Bb4 Bd5 24.Rc1 Qd8 25.Rxc8 Qxc8 26.Nc1 Bb7 27.Bd6 Bc5 28.Bxc5 Qxc5 29.Be4 Qc4
30.b3 Qd4 31.Na2 Ng6 32.Bf3 Nxe5 33.Qxd4 Nxf3+ 34.gxf3 Rxd4 35.Nb4 Bxf3 36.Kh2 Rg4
37.Nxa6 Bd5 38.Nc7 Rg2+ 39.Kh3 Rxf2 40.Nxd5 exd5 41.Re3 d4 42.Rd3 Rc2 43.Rxd4 Rc3+
44.Kg4 Rxb3 45.Rd8+ Kh7 46.Ra8 Rc3 47.Rb8 Rxa3 48.Rxb5 g6 49.Rb4 Kg7 50.Rc4 h5+
51.Kf4 Rh3  0-1

[Event "Wattens op"]
[Site "Wattens"]
[Date "1995.??.??"]
[Round "?"]
[White "Traunwieser, Georg"]
[Black "Gerhold, Michael"]
[Result "0-1"]
[WhiteElo "1950"]
[BlackElo "2240"]

1.d4 Nf6 2.Nf3 e6 3.c4 b6 4.a3 Ba6 5.Qc2 Bb7 6.Nc3 c5 7.e4 cxd4 8.Nxd4 d6
9.Bg5 Nbd7 10.Rd1 a6 11.Be2 Be7 12.O-O Qc7 13.f4 O-O 14.f5 e5 15.Nb3 b5 16.cxb5 Bxe4
17.Bd3 Qb6+ 18.Kh1 Bxd3 19.Rxd3 axb5 20.Rh3 Rfc8 21.Bxf6 Nxf6 22.g4 Nxg4
23.f6 Qc6+ 24.Kg1 Nxf6 25.Rxf6 Bxf6 26.Qxh7+ Kf8 27.Qd3 g6 28.Nd5 Bg7 29.Rf3 Ra7
30.Nb4 Qc4 31.Qxd6+ Kg8 32.Nd5 Qg4+ 33.Rg3 Qd1+  0-1